Quiz o Śląsku Wrocław - Statystyki

Ogólne statystyki
  • Ten quiz został rozwiązany 206 razy
  • Średni wynik to 8 z 15
Statystyki odpowiedzi
Hint Odpowiedź % Poprawnych
Założenie 1947
84%
Stadion po 2011 Tarczyński Arena
82%
Skrót WKS od czego jest Wojskowy Klub Sportowy
81%
Aktualny Napastnik (stan na 20.08.2023) Erik Exposito
78%
Trener (stan na 20.08.2023) Jacek Magiera
74%
Stadion do 2011 Oporowska
74%
Bramkarz (stan na 20.08.2023) Rafał Leszczyński
74%
Pierwsze Mistrz Polski (Ekstraklasa) 1977
66%
Pierwszy Puchar Polski 1976
47%
Pierwszy Puchar Ekstraklasy 2009
42%
Pierwszy Superpuchar Polski 1987
36%
Najdroższy Transfer (Z Śląska) Przemysław Płacheta
30%
Najwyższa Wygrana 7:0
29%
Najdroższy Transfer (Do Ślaska) Sebastian Mila
24%
Najlepszy strzelec weszchczasów Robert Pich
21%
Nie znaleziono quizów pasujących do podanych kryteriów
Rozkład punktacji
Procent ludzi z każdym wynikiem
Percentyl według liczby udzielonych odpowiedzi
Twoja historia wyników
Nie rozwiązałeś tego quizu